000 02547cam a22005174i 4500
003 PE-LiUPU
005 20250731173300.0
008 150625s1949 sp a r 000 0 eng d
035 _a(Sirsi) a36057
040 _aPE-LiUPU
_bspa
_cPE-LiUPU
_erda
082 0 4 _a220.5203
_bK56
_221
130 _aBiblia.
_lInglés.
_f[1949].
_sKing James Version.
242 0 3 _aLa santa biblia :
_bconteniendo el antiguo y nuevo testamentos.
245 1 4 _aThe Holy Bible :
_bContaining the Old and New Testaments /
_ctraducido de las lenguas originales al tamil y con traducciones anteriores diligentemente comparadas y revisadas bajo los auspicios de la Sociedad Bíblica Británica y Extranjera.
264 1 _aLondres :
_bThe British and Foreign Bible Society,
_c[1949 ].
300 _a1277 páginas :
_bilustraciones, mapas a colores ;
_c18 centímetros
336 _atext
_2rdacontent
337 _aunmediated
_2rdamedia
338 _avolume
_2rdacarrier
505 0 _aBiblia en Inglés.
526 _aSEG42
526 _aSEG41
526 _aSEG40
526 _aSEG39
526 _aP94
526 _aP87
526 _aP86
526 _aP85
526 _aP77
526 _aP76
526 _aP35
630 0 4 _aBiblia.
_lInglés.
_f[1949].
_sKing James Version.
700 1 _aBritish and Foreign Bible Society,
_eeditor.
910 _baj
_cnm
_d20050513
942 _2ddc
_cBOOK
949 _a220.5203 K56
_wDEWEY
_c1
_i14044
_lCCODEBUL1
_mBUL
_p10
_r0
_sY
_tBOOK
_u2015-06-25
_xBIBLIOTECA
_zUNKNOWN
_0COMPRA
_o.STAFF. Colección General
949 _a220.5203 K56
_wDEWEY
_c2
_i26465
_lCCODEBUL1
_mBUL
_p10
_r0
_sY
_tBOOK
_u2015-06-25
_xBIBLIOTECA
_zUNKNOWN
_0COMPRA
_o.STAFF. Colección General
949 _a220.5203 K56
_wDEWEY
_c3
_i55152
_lCCODEBUL1
_mBUL
_p10
_r0
_sY
_tBOOK
_u2015-06-25
_xBIBLIOTECA
_zUNKNOWN
_0COMPRA
_o.STAFF. Colección General
596 _a1
999 _a220.5203 K56
_wDEWEY
_c44088
_i14044
_d44088
_e2018-5-9
_f2021-11-11
_g5
_lCCODEBUL1
_mBUL
_n5
_p25.00
_q1
_r0
_sY
_tBOOK
_u2015-6-25
_xTEOLOGIA
_zUNKNOWN
_0COMPRA
_o.STAFF. Colección Teología
999 _a220.5203 K56
_wDEWEY
_c2
_i26465
_d2018-6-13
_f2021-11-11
_g5
_lCCODEBUL1
_mBUL
_p30.00
_q1
_r0
_sY
_tBOOK
_u2015-6-25
_xTEOLOGIA
_zUNKNOWN
_0COMPRA
_o.STAFF. Colección teología
999 _a220.5203 K56
_wDEWEY
_c3
_i55152
_d2019-6-17
_e2016-5-9
_f2021-11-11
_g5
_lCCODEBUL1
_mBUL
_n5
_p22.00
_q1
_r0
_sY
_tBOOK
_u2015-6-25
_xTEOLOGIA
_zUNKNOWN
_0COMPRA
_o.STAFF. Colección Teología
980 _81
_gALBERTO SANCHEZ Responsable de Automatización